| 000 | 00000nam##2200000za#4500 |
| 001 | 9.572358 |
| 003 | CaOODSP |
| 005 | 20210929082754 |
| 007 | cr ||||||||||| |
| 008 | 150406|1997||||xxc|||||o f|0| 0 eng|d |
| 040 | |aCaOODSP|beng |
| 043 | |an-cn--- |
| 086 | 1 |aFo29-47/3-1997E-PDF |
| 110 | 1 |aCanada. |bNatural Resources Canada. |bCanadian Forest Service. |
| 245 | 12|aA review of tree wounding|h[electronic resource]|c[by] R.J. Nevill. |
| 260 | |aVictoria - British Columbia : |bNatural Resources Canada. |cSeptember, 1997. |
| 300 | |a4p.|bphotographs |
| 490 | 1 |aTechnology transfer note|vNo. 3 |
| 500 | |aThe catalogue number (Fo29-47/3-1997E) and ISBN (0-662-25799-5) for the print edition have been incorrectly copied in this electronic publication. |
| 504 | |aBibliography. |
| 590 | |a11-30-Supp|b2011-12-02 |
| 690 | 07|aTrees|2gcpds |
| 720 | 1 |aNevill, R. J. |
| 775 | 08|tAperçu des blessures des arbres|w(CaOODSP)9.604811 |
| 776 | 0#|tA review of tree wounding|w(CaOODSP)9.613831 |
| 830 | #0|aTechnology transfer note ;|vNo. 3|w(CaOODSP)9.504768 |
| 856 | 40|ahttp://publications.gc.ca|qPDF|s84 KB|uhttps://publications.gc.ca/collections/Collection/Fo29-47-3-1997E.pdf|yNo. 3 |